| 000 | 00423nam a22001577a 4500 | ||
|---|---|---|---|
| 003 | OSt | ||
| 005 | 20260615104627.0 | ||
| 008 | 260615b |||||||| |||| 00| 0 eng d | ||
| 040 | _cDLC | ||
| 050 |
_a296.3 _bW999S |
||
| 082 |
_a296.3 _bW999S |
||
| 245 |
_aThe Scepter and The Star: _bThe Messiahs of the Dead Sea Scrolls/ _cby John J. Collins |
||
| 260 |
_aNew York: _bDoubleday, _c1995. |
||
| 300 | _a270p. | ||
| 942 |
_2ddc _cBK |
||
| 999 |
_c11636 _d11636 |
||